[Event "YUG-ch 56th"]
[Site "Herceg Novi"]
[Date "2001.04.03"]
[Round "11"]
[White "Kovacevic, Aleksandar"]
[Black "Todorovic, Goran M"]
[Result "1-0"]
[WhiteElo "2521"]
[BlackElo "2485"]
[Annotator "Ribli,Z"]
[PlyCount "75"]
[EventDate "2001.03.23"]
[EventType "tourn"]
[EventRounds "15"]
[EventCountry "YUG"]
[EventCategory "10"]
[SourceTitle "CBM 083"]
[Source "ChessBase"]
[SourceDate "2001.07.05"]
[SourceVersion "1"]
[SourceVersionDate "2001.07.05"]
[SourceQuality "1"]

1. e4 c5 2. Nf3 e6 3. c4 {Diese an der Grenze zwischen Englischer Eröffnung
und Sizilianischer Verteidigung einzuordnende Variante ist [#]in letzter Zeit
sehr beliebt.} Nc6 4. Nc3 Nf6 5. Be2 d5 {Das ist zwar die natürliche
Fortsetzung, aber ich bin mir gar nicht sicher, ob es auch die beste
Fortsetzung für Schwarz ist.} (5... b6) 6. e5 {Dieser ambitionierte Zug gibt
Weiß bessere Chancen auf Eröffnungsvorteil als der Bauerntausch im Zentrum.} (
6. exd5 exd5 7. d4 {Das wäre die Alternative für Weiß. Hier ist er mit dem Be2
ein Tempo voraus, bei symmetrischer Stellung.}) 6... Ne4 (6... Ng4 $6 7. cxd5
exd5 8. Bb5 $16) 7. O-O Be7 8. Qc2 (8. Bd3 Nxc3 (8... Ng5 9. Nxg5 Bxg5 10. cxd5
exd5 11. Bb5 O-O 12. Bxc6 bxc6 13. d4 $14) 9. dxc3 dxc4 10. Bxc4 Qxd1 11. Rxd1
b6 12. Bd3 Bb7 13. Be4 Rd8 14. Bg5 $14 {1/2-1/2 Glek,I-Van der Sterren,P/Breda
1999/CBM 70 ext (85)}) 8... f5 (8... Nxc3 9. dxc3 Qc7 10. Bf4 g5 (10... h6 11.
Bg3 dxc4 12. Nd2 Na5 13. f4 Bd7 14. f5 Qb6 15. f6 {1-0 Barsov,A-Morawietz,D/
Germany 1997/EXT 99 (26)}) 11. cxd5 exd5 12. Nxg5 Bxg5 13. Bxg5 Qxe5 14. f4 Qd6
15. Rae1 {1-0 Kosteniuk,A-Mihevc,N/Elista 1998/CBM 66 ext (33)}) (8... Ng5 9.
Nxg5 Bxg5 10. cxd5 exd5 11. Bb5 O-O (11... Be7 12. Bxc6+ bxc6 13. d3 Bf5 14.
Qe2 Qa5 15. Qf3 Bg6 16. Ne2 {1/2-1/2 Nielsen,P-Greenfeld,A/Aaland-Stockholm
1997/EXT 98 (16)}) 12. Bxc6 bxc6 13. d3 Bf5 14. Qe2 Re8 15. Re1 h6 {1/2-1/2
Anand,V-Adams,M/Groningen 1997/CBM 63/[Hecht] (51)}) 9. Na4 (9. exf6 $5 Nxf6
10. cxd5 exd5 11. d4 cxd4 (11... c4 12. Bg5 $16 O-O $2 13. Bxf6 Bxf6 14. Nxd5)
12. Nb5 Qb6 (12... O-O 13. Nbxd4 $14 {[%csl Gd4,Rd5]}) 13. Bf4 O-O 14. Rac1 Nb4
15. Qb3 d3 16. Bxd3 Nxd3 17. Qxd3 Bg4 18. Ne5 $14) (9. cxd5 Nxc3 10. dxc3 exd5
11. Qb3 a6 $1 12. Rd1 Be6 $11 {Die Idee des Zugs 11...a6 ist klar in die
Varianten 13.Bc4 Na5, oder 13.Qxb7 Na5.}) 9... Nb4 $6 (9... h6 $2 10. cxd5 Nb4
$6 11. Qb3 exd5 12. d3 Ng5 13. Nh4 $1 Be6 14. Bh5+ Kd7 15. d4 $14 {1-0
Rublevsky,S-Krasenkow,M/Polanica Zdroj 1997/CBM 61/[Krasenkow] (36)}) (9...
dxc4 $5 10. Bxc4 b6 $5 (10... h6 $6 11. h4 $1 (11. Bb5 $6 Bd7 12. d3 Ng5 13.
Bxg5 $2 hxg5 14. Nxc5 Bxc5 15. Qxc5 g4 16. Nd2 Qh4 $40) 11... Nd4 $2 (11...
Bxh4 12. d3 Ng5 13. Nxh4 Nd4 14. Qd2 $1 {Die Idee des Zugs ist, mit der Dame
die zweite Reihe zu kontrollieren.} (14. Qd1 $2 Nh3+ 15. gxh3 Qxh4 16. Be3 f4
17. Bxd4 Qxh3 18. Bb5+ Kd8 19. f3 Qg3+ $11) 14... Nh3+ 15. gxh3 Qxh4 16. f4
Qxh3 17. Qg2 Qxg2+ 18. Kxg2 b5 19. Nxc5 bxc4 20. dxc4 $16) (11... g5 12. d3 g4
13. dxe4 gxf3 14. Bb5 Rg8 15. g3 Bxh4 16. Bf4 $40) 12. Nxd4 Qxd4 13. d3 Ng3 14.
Be3 Qxe5 15. Rfe1 Nh5 16. Bxc5 $16 {[%cal Ge1e8]}) 11. d3 (11. h4 $2 {Droht
zwar 12.d3 mit Springerfang, ist aber zu aggressiv.} g5 12. d3 g4 13. Bb5 Bd7
14. Ne1 (14. dxe4 gxf3 15. exf5 Nd4) 14... Nd4 15. Bxd7+ Qxd7 16. Qd1 O-O-O 17.
Bf4 Qb5 18. f3 (18. Nc3 Nxc3 19. bxc3 Nc6) 18... gxf3 19. gxf3 Rhg8+ 20. Kh2
Bxh4 21. fxe4 Bxe1 22. Rxe1 Rg4 $40) (11. Rd1 $2 Ng5 12. Nxg5 Nd4 $1 13. Nxe6
$2 Bxe6 14. Qd3 Bxc4 15. Qxc4 b5 $19) 11... Ng5 12. Bxg5 Bxg5 13. Nc3 O-O 14.
Ne2 $14) 10. Qb3 $6 {Dieser Zug gefällt mir nicht, die Dame steht zu exponiert
auf b3.} (10. Qb1 $1 dxc4 11. Bxc4 b6 12. d3 Ng5 13. Bxg5 Bxg5 14. Bb5+ $5 (14.
d4 cxd4 15. Rd1 Nc6 16. Bb5 Bd7 17. Nxd4 Nxd4 18. Rxd4 Bxb5 19. Rxd8+ Rxd8 20.
Nc3 Bc6 21. Qf1 $16 {[%cal Rf1c4]})) 10... b5 $5 11. cxb5 a6 $6 {Es ist
verständlich, dass Schwarz - im Stile des Wolga-Gambits - seinen Damenflügel
aktivieren möchte. Dennoch täte er besser daran, zuerst die weiße Dame mit 11..
.c4 zu verjagen.} (11... c4 12. Qd1 a6 $44 (12... Bd7 $44 {Ribli})) 12. d3 $1 {
Das ist der Unterschied - jetzt geht c5-c4 schon nicht mehr.} axb5 13. Nxc5
Nxc5 (13... Bxc5 14. dxe4 fxe4 (14... dxe4 15. Bxb5+ Kf8 (15... Bd7 16. Qxe6+
$18) 16. Be3 $16) 15. Be3 exf3 16. Bxb5+ Bd7 17. Bxd7+ Qxd7 18. Bxc5 fxg2 19.
Rfc1 Nc6 20. Bd6 Nd4 21. Qd3 $16) 14. Qxb4 {Weiß hat einen Bauern mehr. Ich
bin mir nicht sicher, ob das schwarze Gegenspiel ausreichende Kompensation
darstellt.} O-O $6 (14... Ra4 $5 15. Qc3 b4 16. Qe1 $14 Nb3 $2 17. Qd1 $18 {
[%cal Gd1a4]}) 15. d4 $14 {[%mdl 1024]} Ra4 (15... Ne4 16. Qb3 $14) 16. Qc3 b4
(16... Ne4 17. Qb3 $14) 17. Qe1 Ne4 {Schwarz hat Druck am Damenflügel, aber
die weiße Stellung hat keine Schwächen. So kann Weiß Schritt für Schritt die
schwarze Initiative neutralisieren.} (17... Nb3 18. Qd1 Nxc1 19. Qxc1 $16) 18.
Nd2 {Es ist nur logisch, dass Weiß den starken Ne4 abtauschen will.} (18. b3
Ra8 $6 {[%csl Yc3]}) 18... Qb6 (18... Ba6 19. Nxe4 fxe4 20. b3 Bxe2 21. Qxe2
Ra8 22. f3 $16) 19. Nxe4 fxe4 (19... dxe4 20. b3 Ra7 $14) 20. b3 Ra8 21. Be3 {
[%csl Ge3] Endlich konnte Weiß seinen schwarzfeldrigen Läufer entwickeln. Er
hat einen Bauern mehr, aber diese Mehrheit befindet sich am Damenflügel, und
da macht Schwarz spürbar Druck. Die Realisierung des Vorteils ist also
keineswegs eine einfache Sache.} Ba6 22. Qd2 Rfc8 (22... Bxe2 23. Qxe2 Qa6 24.
Qg4 $16) (22... Rac8 $142) 23. f3 $1 $16 {Weiß öffnet die f-Linie und bekommt
Chancen am Königsflügel.} Bxe2 24. Qxe2 Qa6 25. Qf2 (25. Qxa6 $6 Rxa6 $132)
25... Rc3 (25... Rf8 26. Qg3 $16) 26. fxe4 Rf8 27. Qd2 dxe4 (27... Rxf1+ 28.
Rxf1 Qd3 29. Qxd3 Rxd3 30. Kf2 dxe4 31. Rc1 $16) 28. Rxf8+ Bxf8 29. Rf1 Qc8 $2
(29... Qd3 30. Qxd3 exd3 (30... Rxd3 31. Kf2 $16) 31. Kf2 Rc2+ 32. Kf3 Rxa2 33.
Rd1 $6 $16) 30. Qf2 {[%mdl 128] Droht 31.Qf7+.} Qe8 31. Qf4 {[%csl Re4]} Rc2
32. Qxe4 Rxa2 33. d5 $18 {Weiß steht auf Gewinn - seine Drohungen am
Königsflügel sind nicht zu parieren.} Qg6 (33... exd5 34. Qxd5+ Kh8 35. e6 $18)
34. Qf3 (34. Qxg6 hxg6 35. d6 $18) 34... Ra8 35. dxe6 {[%cal Rf3a8]} (35. d6
$18) 35... Re8 36. Qf7+ Qxf7 37. exf7+ Kh8 38. fxe8=Q 1-0

[Event "EU-chT (Men) 11th"]
[Site "Pula"]
[Date "1997.05.??"]
[Round "1.1"]
[White "Alterman, Boris"]
[Black "Magem Badals, Jordi"]
[Result "1-0"]
[WhiteElo "2595"]
[BlackElo "2570"]
[Annotator "Ribli,Z"]
[PlyCount "49"]
[EventDate "1997.05.05"]
[EventType "team-swiss"]
[EventRounds "9"]
[EventCountry "CRO"]
[SourceTitle "CBM 057 Extra"]
[Source "ChessBase"]
[SourceDate "1997.05.01"]
[SourceVersion "1"]
[SourceVersionDate "1997.05.01"]
[SourceQuality "1"]
[WhiteTeam "Israel"]
[BlackTeam "Spain"]
[WhiteTeamCountry "ISR"]
[BlackTeamCountry "ESP"]

1. c4 {Alterman,B} c5 2. Nf3 Nf6 3. Nc3 d5 4. cxd5 Nxd5 5. g3 Nc6 6. Bg2 Nc7 7.
a3 $5 g6 (7... e6 $5 8. O-O Be7 9. e3 O-O (9... Qd3 $5 10. Qe2 Qxe2 11. Nxe2
Bd7 12. d4 Na5 $10 {Polugaevsky-Kortchnoi,Amsterdam 1972}) 10. d4 cxd4 11. exd4
(11. Nxd4 Bd7 12. Nxc6 Bxc6 13. Bxc6 bxc6 14. Qf3 Nd5 $10) 11... Nd5 $1 12. Qd3
Bd7 {1/2-1/2 Salov,V-Karpov,A/Amsterdam Euwe-mem 1991 (24)}) (7... e5 8. b4
cxb4 (8... f6 9. bxc5 Bxc5 10. O-O $14 {[%cal Ya1b1,Yb1b7]}) 9. axb4 Bxb4 $6
10. Nxe5 $16 (10. Nxe5 $1 Nxe5 11. Qa4+ Nc6 12. Bxc6+ bxc6 13. Qxb4 $16)) 8. h4
$5 (8. b4 Bg7 $5 9. bxc5 Nd5 (9... Ne6 10. Bb2 Nxc5 {[%csl Gc5,Yd4]} 11. Na4
Bxb2 12. Nxb2 {[%csl Rb3][%cal Yc8e6,Ye6b3]}) 10. Bb2 Nxc3 11. Bxc3 Bxc3 12.
dxc3 Qa5 13. O-O Qxc5 14. Nd4 Bd7 15. Rb1 Qxc3 16. Nxc6 Bxc6 17. Rc1 Qf6 {
1/2-1/2 Brestian,E-Grosar,A/AUT-chT96/97 1996}) (8. d3 Bg7 9. O-O O-O 10. Bd2 (
10. Na4 b6 11. Rb1 Be6 12. Bd2 Rc8 13. Bc3 Nd4 14. Nd2 Bg4 15. Bxd4 cxd4 16.
Rc1 Bh6 17. Rc2 Bd7 18. b3 Be6 {Lechtynsky,J-Shariyazdanov,A/Pardubice
Komercni Banka op 1996/1/2-1/2 (62)}) (10. Be3 b6 11. Rb1 Bb7 12. Qd2 Nd4 13.
Nxd4 Bxg2 14. Ne6 Nxe6 15. Kxg2 Qd7 {0-1 Espig,L-Hjartarson,J/BL9091 1991 (51)}
) 10... b6 11. Rb1 Bb7 12. Ne4 Rb8 13. b4 $36 {Gabriel,C-Farago,I/Ljublana/
1993/CBM37/}) 8... h6 {Dieser Zug gefällt mir nicht, er schwächt die schwarze
Königsstellung. Das ist ein typisches Problem im Schach, Schwarz hat die Wahl:
1.Nicht reagieren -d.h. 8...Bg7. 2.Die Spannung halten -d.h. 8...h6. 3.
Möglichkeiten ausschalten-d.h. 8...h5. Meiner Meinung nach ist dieser letzte
Zug nicht schlechter als die Partiefortsetzung.Ribli.} (8... h5) (8... Bg7 9.
h5 O-O 10. d3 Ne6 11. hxg6 hxg6 12. Be3 Ncd4 13. Rc1 Bd7 14. Ng5 Rc8 15. Kf1
Bc6 16. Nxe6 Nxe6 17. Bxc6 Rxc6 18. Kg2 Qd7 (18... Nd4 $5) 19. Bh6 $1 g5 20.
Bxg7 Kxg7 21. Qa4 $1 {1-0 Salov,V-Kortschnoj,V/EUCup Volmac-Lyon 1991 (35)}) 9.
d3 (9. b4 $6 cxb4 (9... Bg7 $5 10. bxc5 Ne6) 10. axb4 Bg7 (10... Nxb4 $2 {Ribli
} 11. Qa4+ Nc6 12. Ne5 $36) 11. Qa4 (11. b5 $2 Nxb5 $17) (11. Rb1 $2 Bf5) (11.
Ba3 a6 $11) 11... b5 {Ribli: Der Beginn taktischer Komplikationen, die fuer
beide Spieler schoene Moeglichkeiten ergeben.} (11... a6 $1 12. O-O O-O $15 {
>< b4}) 12. Nxb5 Nxb5 13. Qxb5 Bd7 (13... Bxa1 $2 14. Ne5 Bxe5 15. Qxc6+ $16)
14. Rb1 Rc8 $1 {1/2-1/2 Vaganian,R-Lautier,J/Horgen 1995 (40)} (14... Rc8 $1 {
Alterman,B} 15. Qa4 $8 (15. O-O $2 Nd4 {/\ Ne2, Bf5} 16. Qa6 Bb5 $17) (15. Qa6
$2 Nxb4 $17) (15. d3 $2 Nxb4 $1 $17) 15... Nd4 16. Qa5 (16. Qxa7 $2 Nxe2 $1 $17
) 16... Bf5 $1 (16... Nc2+ 17. Kf1 Qxa5 18. bxa5 O-O 19. d3 Rb8 20. Rxb8 Rxb8
21. Kg1 $14 {/\ Kh2, Bd2}) 17. Qxd8+ $5 (17. d3 $2 Nxe2 $17) (17. Qa4+ Bd7 18.
Qa5 $11) 17... Rxd8 18. Nxd4 $8 (18. d3 $2 Nxe2 $1) 18... Bxb1 19. Nc6 Rc8 {
/\ Kd7, a6} 20. O-O (20. b5 a6 $1 $15 21. bxa6 $2 Kd7 $19) 20... a6 {Ribli: /\
Be1 Droht /\ Be1 1/2-1/2 Vaganian,R-Lautier,J/Horgen (06) ,CBM 50 1995 (40)}) (
14... Nd4 15. Qa5 $14)) 9... Bg7 10. Be3 $5 $146 (10. Bd2 Bd7 (10... Bg4 $6 11.
Rc1 Qd7 (11... b6) 12. Na4 (12. Ne4 $16 {Alterman,B Sunye Neto,J-Vaganian,R/
Manila izt/1990/CBM19/INF49,(52)/}) 12... Ne6 (12... Na6) 13. Nh2 $1 h5 14.
Nxg4 hxg4 15. Nxc5 Nxc5 16. Rxc5 Bxb2 17. Qc2 Bxa3 18. Rxc6 $1 Bd6 19. Rc4 Rh5
20. O-O {1-0 Sunye Neto,J-Vaganian,R/Manila izt 1990}) 11. Rb1 a5 12. O-O b6
13. Be3 e5 14. Qc1 Rb8 {1-0 Brueckner,T-Stein,B/BL8788 1988 (25)}) 10... b6 (
10... Nd4 $1 {Alterman,B} 11. Rc1 O-O 12. b4 $14) (10... Ne6 {Alterman,B} 11.
Rc1 O-O 12. Na4) 11. h5 gxh5 (11... g5 $2 12. Nxg5 hxg5 13. Bxc6+ $16) 12. Rxh5
$14 {[%cal Yh5h6,Yh5c5] Der schwarze Ph6 ist ein ewiger Schwachpunkt,
besonders in einem Endspiel. Schwarz übt starke Kontrolle über das Feld d4 aus,
aber der weiße Rh5 steht ausgezeichnet.Ribli.} (12. Nh4 $5 {Alterman,B} Bd7 $2
(12... Qd6 $1 13. Qa4 Bd7 14. Nf5 $2 Bxc3+ 15. bxc3 Qf6) 13. Nf5 Bxf5 14. Bxc6+
Bd7 15. Bxa8 Qxa8 16. Rxh5 $1 (16. f3 Nd5 17. Bd2 Be5 $13) 16... Qg2 17. Kd2 $1
$18) 12... Bb7 13. Qa4 Qd7 14. Rc1 O-O-O {Es scheint, als habe Schwarz keine
Probleme. Sein König befindet sich in Sicherheit am Damenflügel, und das ist
ungewöhnlich für die englische Eröffnung.Ribli.} (14... Nd4 15. Qxd7+ Kxd7 16.
Nxd4 Bxg2 17. Nf5 {[%csl Gf5,Rg7,Gh5,Rh6]}) {[#]} 15. Bxc5 $5 {Die Annahme des
Opfers wäre sehr gefährlich.} (15. b4 $5 {Alterman,B} cxb4 (15... Bxc3+ 16.
Rxc3 Nd5 17. Rxd5 Qxd5 18. bxc5 $40) 16. axb4 Kb8 17. b5 Na5 18. Bf4 Ka8 19.
Ne5 $16) 15... Kb8 (15... bxc5 16. Ne4 $5 {[%csl Rc5][%cal Re4c5,Rc5d7,Rc5b7,
Yc3c8,Yc1c8,Yg2b7,Ya4c6]} Ne6 17. Bh3 {[%cal Yh3c8]}) (15... bxc5 16. Rxc5 Kb8
(16... Na6 17. Ne4 Nxc5 18. Nxc5 $40) (16... Kb8 {Alterman,B} 17. Nh4 (17. Nb5
Nxb5 18. Rxb5 Rc8 19. Nh4 (19. Rc4 $3 {x d4} Rc7 (19... Ka8 20. Rxb7 Qxb7 21.
Nd2 $18) 20. Nd2 Rhc8 (20... Nd8 21. Nb3 $40) 21. Nb3 Nd8 22. Rxc7 Rxc7 23. Nc5
Rxc5 24. Rxb7+ Qxb7 25. Bxb7 Nxb7 26. Qe8+ $16) 19... Bd4) (17. Nd2 Nd4 18.
Bxb7 Kxb7 19. Qb4+ Ka8 20. Na4) (17. b4 Ne6 18. Rc4 Ncd4 $1) 17... Nd4 18. Bxb7
Kxb7 19. Qb4+ Ka8 20. Na4 Qg4 $2 (20... Qe6 $1 21. e3 Na6) 21. Nb6+ axb6 22.
Ra5+ bxa5 23. Qxa5+ Na6 24. Qxa6+ Kb8 25. Qb6+ Ka8 $11) (16... Ne6 17. Rxc6+
Bxc6 18. Nd1 Kb8 19. Rxc6 $16)) 16. Be3 f5 17. Nh4 $16 {Jetzt befindet sich
der schwarze König in Sicherheit, aber er nicht genügend Kompensation für den
Bauern.Ribli.} e6 18. Ng6 Rhg8 19. Nf4 Ne8 (19... Bxc3+ 20. Rxc3 e5 21. Bxc6
$16) (19... Ne5 20. Qxd7 Rxd7 21. Bxb7 Kxb7 22. f3 $16) (19... e5 20. Nfd5 f4 {
[%cal Yg8g2]} 21. gxf4 exf4 (21... Bh8 22. Be4 (22. Bf3 Nd4)) 22. Bxf4 {
[%csl Rb8][%cal Rf4c7]}) 20. Nb5 {[%csl Ra7,Rc6][%cal Rf2c6,Rc1c6]} Nf6 (20...
a6 21. Bxc6 Bxc6 22. Qxa6 {[%csl Rb6,Rb8]} Bxb5 23. Qxb6+ Qb7 (23... Ka8 24.
Rc5 Nd6 25. Rc7) 24. Qxd8+ $18) 21. Rh4 Ng4 (21... Rge8 $5) (21... e5 22. Ne6
Qxe6 23. Rxc6 $18 {[%csl Ra7]}) 22. Rxg4 fxg4 23. Nxe6 $18 Be5 (23... Qxe6 24.
Rxc6 Bxc6 25. Qxa7+ Kc8 26. Qc7#) 24. Nxd8 Rxd8 25. Bf4 {[%cal Yf4b8] Und
Schwarz gab auf, da er zwei Bauern verloren und keinerlei Kompensation dafür
erhalten hat.Ribli.} 1-0

[Event "Ubeda"]
[Site "Ubeda"]
[Date "1997.02.08"]
[Round "2"]
[White "Bareev, Evgeny"]
[Black "Leko, Peter"]
[Result "1/2-1/2"]
[WhiteElo "2665"]
[BlackElo "2600"]
[Annotator "Ribli,Z"]
[PlyCount "81"]
[EventDate "1997.02.07"]
[EventType "tourn"]
[EventRounds "11"]
[EventCountry "ESP"]
[EventCategory "16"]
[SourceTitle "CBM 058"]
[Source "ChessBase"]
[SourceDate "1997.06.01"]
[SourceVersion "1"]
[SourceVersionDate "1997.06.01"]
[SourceQuality "1"]

1. c4 c5 2. Nf3 Nf6 3. Nc3 Nc6 4. g3 b6 {An dieser Stelle ein ungewönlicher
Zug. Der Plan mit dem Läuferfianchetto nach b7 hat hier einen kleinen Nachteil,
denn der Springer ist gewoenlich auf d7(statt c6) flexibler postiert.Ribli.} 5.
Bg2 Bb7 6. O-O (6. Ne5 $6 Nxe5 (6... Qc7) 7. Bxb7 Rb8 8. Ba6 $13) (6. d4 $2
Nxd4) 6... g6 7. e4 (7. d4 Nxd4 8. Nxd4 Bxg2 9. Kxg2 cxd4 10. Qxd4 Bg7 $11)
7... Bg7 8. d4 cxd4 9. Nxd4 Nxd4 $5 (9... O-O 10. Nc2) 10. Qxd4 d6 (10... O-O
11. e5 Bxg2 12. Kxg2 $14 Ne8 {Wegen seines Raumvorteils steht Weiss etwas
besser, aber der schwarze Laufer auf g7 ist immer ein wichtiger Faktor.Ribli.})
11. Bg5 (11. Qd2 Rb8 12. Re1 O-O 13. b3 a6 14. Bb2 Nd7 15. Rad1 Ba8 $11 {
[%cal Yb6b5] Olafsson,H-Arnason/Nordic zt/1992/}) 11... h6 {Es ist besser
diesen Zug gleich zu machen.Ribli.} (11... O-O 12. Qd2 $14) 12. Bd2 O-O 13. Qd3
{Früher oder später muß die Dame aus der gefährlichen "Opposition" mit dem Bg7.
Ribli.} Rb8 14. Rad1 (14. Rac1 {Wäre ein anderer Plan, mit folgendem Rfd1,
aber in der Partie steht der andere Turm gut auf e1.Ribli.}) 14... a6 15. Rfe1
Nd7 16. b3 Nc5 17. Qe3 (17. Qc2 b5 18. cxb5 (18. b4 Ne6 19. cxb5 Nd4 $13) 18...
axb5 19. Nxb5 Nxe4 20. Bxe4 Bxe4 21. Qxe4 Rxb5 {Das fuehrt zu
Partiefortsetzung.Ribli.}) 17... b5 18. cxb5 (18. b4 Ne6 19. cxb5 Nd4 20. bxa6
Bxa6 $44 {[%cal Yd4c2,Yb8b4]}) 18... axb5 19. Nxb5 Nxe4 (19... Bxe4 {Das ist
auch moeglich. Nach 20.Bxe4 Nxe4 21.Qxe4 haben wir die Partiestellung.Ribli.})
20. Bxe4 Bxe4 21. Qxe4 Rxb5 {Die weissen Chancen liegen im Zentrum, denn am
Damenflügel hat Schwarz die offenen Linien. Nach meinem Urteil ist die
Stellung etwa gleich.Ribli.} 22. Qxe7 Qa8 $44 {Diese Druckstellung auf den
offenen a-und b-Linein zusammen mit einem Bg7 erinnert an das Wolgagambit.
Ribli.} 23. Qd7 (23. Qxd6 Qxa2 24. b4 $2 {Es ist besser diesen Bauern
zueruckgeben mit remis.Ribli.} Rd5 25. Qf4 Rfd8 {[%cal Rd5d2]}) 23... Rbb8 24.
Qa4 $5 {Weiss nimmt einen Doppelbauern auf sich. Schwarz muß vorsichtig sein.
Der a-Bauer kann später einmal gefährlich werden.Ribli.} Qxa4 25. bxa4 Rb2 26.
a3 Bd4 $1 {Schwarz aktiviert alle Figuren.Ribli.} 27. Be3 Bc5 $1 28. Bxc5 dxc5
29. Rc1 {Weiss hat nur eine teoretisch bessere Stellung. Der Doppelbauer ist
kaum zu verwerten.Ribli.} Ra8 30. Rc4 (30. Rxc5 Rxa4 31. Re3 Ra2 32. Rc8+ (32.
Rcc3 Ra7 33. Kg2 Kg7 {Und obwohl Weiss immer noch besser steht, kann kaum
weiterkommen.Ribli.}) 32... Kg7 33. Rc7 R2xa3 34. Ree7 Rf3 $11) 30... Rb3 31.
Re3 Rxe3 32. fxe3 $14 {Weiss hat einen entfernten Freibauern,aber Schwarz
kommt mit dem König schnell ins Zentrum und gleicht die Chancen aus.Ribli.} Kf8
33. Kf2 Ke7 34. Ke2 (34. Rxc5 Rxa4 35. Rc3 Ke6 {Wegen der aktiven Figuren kann
Schwarz das Remis trotz Minusbauer halten.Ribli.}) 34... Kd6 35. Kd3 h5 $1 {
Gewinnt Raum.Ribli.} 36. Kc3 Kd5 37. e4+ $8 {Sonst wird Schwarz mit f7-f5
aktiv.Ribli.} (37. Kb3 f5 $1 (37... Rb8+ 38. Kc3 Ra8 $11)) 37... Kc6 38. Kd3
Rb8 39. a5 (39. Rc3 Ra8 (39... Rb2 $5)) 39... Ra8 40. a4 Rxa5 41. Kc2 1/2-1/2

[Event "Abu Dhabi op 13th"]
[Site "Abu Dhabi"]
[Date "2003.08.16"]
[Round "1"]
[White "Kengis, Edvins"]
[Black "Ezat, Mohamed Mahmoud"]
[Result "1-0"]
[WhiteElo "2586"]
[BlackElo "2410"]
[Annotator "Ribli,Z"]
[PlyCount "59"]
[EventDate "2003.08.16"]
[EventType "swiss"]
[EventRounds "9"]
[EventCountry "UAE"]
[SourceTitle "CBM 097"]
[Source "ChessBase"]
[SourceDate "2003.11.11"]
[SourceVersion "1"]
[SourceVersionDate "2003.11.11"]
[SourceQuality "1"]

1. Nf3 Nf6 2. c4 c5 3. Nc3 d5 {Dieser Zug ist auf den ersten Blick weniger
logisch (weil Schwarz mit einem Tempo weniger die Stellung öffnet), aber gut
spielbar.} 4. cxd5 Nxd5 5. d4 {Statt dieser Fortsetzung kann Weiß auch 5.g3,5.
e3 und 5.e4 ziehen.} cxd4 6. Qxd4 Nxc3 7. Qxc3 Nc6 8. e4 Bg4 {Dieser Läuferzug
scheint aktiv zu sein, aber viel sicherer ist die Alternative 8...e6.} (8... e6
) 9. Bb5 (9. Be3 Bxf3 10. gxf3 a6 11. Rd1 Qc7 12. Rg1 e6 13. a3 Rd8 14. Rxd8+
Kxd8 15. f4 {1-0 Akesson,R-Votava,J/Stockholm 2000/CBM 74 ext (41)}) 9... Rc8
10. O-O {Der Textzug ist gar nicht schlecht, aber die Alternative 10.Be3 kommt
auch stark in Betracht. Die Hauptidee des Läuferzuges ist, dass Weiß danach
den Turm mit Rd1 schnell mobilisieren kann.} (10. Be3 $5 Bxf3 (10... a6 11. Rd1
Qc7 12. Ba4 b5 13. Bb3 e6 14. O-O Bxf3 15. gxf3 Bd6 16. Qxg7 Bxh2+ 17. Kh1 $14
{1-0 Topalov,V-Beliavsky,A/Linares 1994/CBM 40/[Ribli] (41)}) 11. gxf3 a6 12.
Rd1 $1 Qc7 13. Bxc6+ Qxc6 14. Qd4 $1 f6 15. O-O e5 16. Qa7 $1 {1-0 Portisch,
L-Huebner,R/Montreal 1979/MCL/[ChessBase] (39)}) (10. Bf4 Bxf3 (10... Qb6 11.
a4 Bxf3 12. Qxf3 a6 13. Be3 Qc7 14. Bxc6+ Qxc6 15. O-O Qf6 16. Rac1 Rc6 17.
Rxc6 Qxc6 18. Rc1 Qxa4 19. Qf5 {1-0 Olafsson,H-Hansen,T/Gentofte 1999/CBM 73 
(27)}) (10... a6 11. Rd1 Qb6 12. Ba4 f6 13. O-O $16 {1-0 Gelfand,B-Beliavsky,A/
Reggio Emilia 1991/Inf 53/[Gelfand,B; Kapengut,A] (27)}) 11. gxf3 Qb6 12. Qd3
Rd8 13. Qc4 e5 $6 14. Be3 $5 Qc7 15. Bxc6+ bxc6 16. Qa4 Bd6 $6 (16... Be7) 17.
Rg1 g6 18. Ke2 O-O 19. Rac1 $16 {1-0 Xu Yuhua-Wang Yu/Shenyang 2000/CBM 79/
[Ribli] (50)}) 10... a6 (10... Bxf3 11. Qxf3 e6 (11... Qa5 12. Qb3 e6 13. Be3
Bd6 14. Rfd1 Qc7 15. g3 O-O 16. Rac1 {1-0 Suba,M-Tamai,R/Rome 1990/TD (32)})
12. Rd1 Qc7 13. Bf4 e5 14. Be3 Be7 15. Qg4 {1-0 Garcia,R-Fuentes,A/Florida
Valle 1993/EXT 98 (28)}) 11. Ba4 (11. Ne5 axb5 12. Nxg4 b4 13. Qg3 g6 14. Bf4
Bg7 15. Rfd1 Qb6 16. Bh6 O-O 17. Qh4 Rfd8 18. Bxg7 Kxg7 19. Rd5 {1-0 Duppel,
M-Votava,J/Pardubice 2000/EXT 2001 (56)}) (11. Bxc6+ Rxc6 12. Qe3 Bxf3 13. Qxf3
g6 14. Rd1 Qc8 15. Bg5 h6 16. Bh4 Bg7 17. Rd2 Bxb2 18. Rad1 Bf6 $11) 11... b5
12. Bb3 e6 13. Bg5 Qb6 $6 (13... Qa5 {Das ist eine gute Idee für Schwarz -
wenn möglich - die Damen zu tauschen.} 14. Rac1 (14. Qd3) 14... Qxc3 15. Rxc3
Bb4 16. Rc2 Bxf3 17. gxf3 Ne7 18. Rxc8+ Nxc8 19. Rd1 {1/2-1/2 Wallace,
J-Solomon,S/Sydney 1995/EXT 98 (50)}) 14. Rac1 $14 {[%csl Re8,Rf8][%cal Gc1c8,
Gc3h8] Weiß hat großen Entwicklungsvorteil und der schwarze König steht noch
in der Mitte. Es ist nicht leicht für Schwarz seinen Bf8 zu entwickeln.} Bxf3 {
Schwarz muss den Springer tauschen, um der weißen Drohung 15.Ne5 zu begegnen.}
15. gxf3 (15. Qxf3 Bc5 $11) 15... Qb8 (15... h6 16. Be3 $14) 16. Rfd1 {[%csl
Re8][%cal Gc1c8,Gd1d8,Gg5d8][%mdl 2048] Weiß hat großen positionellen Druck.}
Bd6 {Endlich entwickelt Schwarz den f8-Läufer, aber das bringt ihm keine
Erleichterung.} (16... h6 17. Bh4 $16) 17. Qxg7 Bxh2+ 18. Kh1 Be5 19. Bf6 $16 (
19. Qh6 $16) 19... Bxf6 20. Qxf6 Rg8 {[#]} 21. Rd7 $3 {[%mdl 512] Ein sehr
schönes Turmopfer, wonach Weiß leicht gewinnt.} Kxd7 (21... Rf8 22. Bxe6 $18)
22. Qxf7+ Ne7 (22... Kd8 23. Rd1+ $18) (22... Kd6 23. e5+ Kxe5 (23... Nxe5 24.
Qxe6#) 24. Qxe6+ Kf4 25. Qf6#) 23. Bxe6+ Kd6 (23... Kd8 24. Rxc8+ $18) 24. Rd1+
$18 (24. e5+ $1 Kxe5 25. Bxc8 $18) 24... Kc6 25. Bxc8 Qxc8 26. Rc1+ Kd7 27.
Rxc8 Rxc8 28. f4 Rc1+ 29. Kg2 Rc2 30. f5 1-0